Estructura de la personalidad e interacción humana: la síntesis progresiva de la teoría psicodinámica
Na minha lista:
| Autor principal: | |
|---|---|
| Formato: | Livro |
| Idioma: | espanhol |
| Publicado em: |
Buenos Aires
Paidós
1971
|
| coleção: | Biblioteca de psicología profunda, 23
|
| Assuntos: | |
| Tags: |
Adicionar Tag
Sem tags, seja o primeiro a adicionar uma tag!
|
MARC
| LEADER | 00000nam a2200000 a 4500 | ||
|---|---|---|---|
| 001 | UCY6314 | ||
| 003 | CL-VaPUC | ||
| 008 | 950526e19710000AG |||||||||||||||||spa|d | ||
| 082 | 0 | 4 | |a 155.23 |b GUN |2 21 |
| 100 | 0 | |a Guntrip, Harry |e author |9 336174 | |
| 245 | 1 | 0 | |a Estructura de la personalidad e interacción humana: la síntesis progresiva de la teoría psicodinámica |
| 300 | |a 404 p | ||
| 942 | |c BK | ||
| 945 | |d 19950526 00:00:00 |a mfernand | ||
| 260 | |a Buenos Aires |b Paidós |c 1971 | ||
| 600 | 0 | |a Freud, Sigmund |e author |9 307892 | |
| 650 | 0 | |a Personalidad |9 307255 | |
| 650 | 0 | |a Relaciones interpersonales |9 307056 | |
| 650 | 0 | |a Ego |9 310449 | |
| 650 | 0 | |a Psicoanálisis |9 265702 | |
| 650 | 0 | |a Psiquiatría |9 308427 | |
| 650 | 0 | |a Psicología social |9 222894 | |
| 650 | 0 | |a Interacción social |9 307764 | |
| 650 | 7 | |a PERSONALIDAD BASICA |2 CL-VaPUC |9 336175 | |
| 650 | 7 | |a CARACTER |2 CL-VaPUC |9 308186 | |
| 650 | 7 | |a PSICOSIS |2 CL-VaPUC |9 315438 | |
| 650 | 0 | |a Esquizofrenia |9 312163 | |
| 650 | 7 | |a PSICOTERAPIA |2 CL-VaPUC |9 336176 | |
| 583 | |a last modification |c 19950526 00:00:00 |k Rodrigo Vera | ||
| 490 | 0 | |a Biblioteca de psicología profunda, 23 | |
| 999 | |c 233890 |d 233888 | ||
| 952 | |0 0 |1 0 |4 0 |6 155_230000000000000_GUN_1971 |7 0 |8 P |9 239698 |a BIBEDU |b BIBEDU |c BIBEDU_PB |d 2019-11-18 |i 1508490 |o 155.23 GUN 1971 |p 1508490 |r 2024-01-25 |w 2019-11-18 |y BK |k EDU | ||